Physical geography: a human perspectives (Record no. 53561)
[ view plain ]
| 000 -LEADER | |
|---|---|
| fixed length control field | 00634nam a2200169 a 4500 |
| 008 - FIXED-LENGTH DATA ELEMENTS--GENERAL INFORMATION | |
| fixed length control field | 130909s2004 ||||||||||||||||| || u |
| 020 ## - INTERNATIONAL STANDARD BOOK NUMBER | |
| International Standard Book Number | 9780340809624 |
| 050 ## - LIBRARY OF CONGRESS CALL NUMBER | |
| Classification number | GB 54.5 Phy |
| 100 ## - MAIN ENTRY--PERSONAL NAME | |
| Personal name | Huggett, Richard |
| 245 10 - TITLE STATEMENT | |
| Title | Physical geography: a human perspectives |
| Statement of responsibility, etc. | by Richard Hugget [and others] |
| 260 ## - PUBLICATION, DISTRIBUTION, ETC. | |
| Place of publication, distribution, etc. | New York: |
| Name of publisher, distributor, etc. | Hodder Headline Group |
| Date of publication, distribution, etc. | 2004 |
| 300 ## - PHYSICAL DESCRIPTION | |
| Extent | xiv, 515p.: ill. |
| 650 #0 - SUBJECT ADDED ENTRY--TOPICAL TERM | |
| Topical term or geographic name entry element | HUMAN GEOGRAPHY |
| 650 ## - SUBJECT ADDED ENTRY--TOPICAL TERM | |
| Topical term or geographic name entry element | PHYSICAL GEOGRAPHY |
| 650 #0 - SUBJECT ADDED ENTRY--TOPICAL TERM | |
| Topical term or geographic name entry element | HUMAN ECOLOGY |
| 995 ## - RECOMMENDATION 995 [LOCAL, UNIMARC FRANCE] | |
| -- | CBU-MAIN LIBRARY (Kitwe) |
| -- | 1 |
| -- | AVAILABLE |
| -- | Sep 10, 2013 |
| -- | Main Library Open Access Collection |
| Withdrawn status | Lost status | Source of classification or shelving scheme | Damaged status | Not for loan | Home library | Current library | Shelving location | Date acquired | Total Checkouts | Full call number | Barcode | Date last seen | Date last checked out | Price effective from | Koha item type |
|---|---|---|---|---|---|---|---|---|---|---|---|---|---|---|---|
| CBU-MAIN LIBRARY, KITWE. | CBU-MAIN LIBRARY, KITWE. | 11/30/2022 | 1 | GB 54.5 Phy | 744402 | 02/01/2024 | 01/18/2024 | 11/30/2022 | MONOGRAPH |